LEADER 05151nam 2200637 450 001 000004198 005 20180801123900.0 100 $a20010705d1974----km-y0itay0103----ba 101 0 $aeng 102 $aUS 200 1 $a<> National Union Catalog$e1973 200 1 $a1 $n0000176 210 $aWashington$cLibrary of Congress$d1974 215 $a16 v.$d28 cm. 225 1 $aLibrary of Congress Catalogs 327 $aContiene: vol.1 : A-Bakun. - 996 p.$avol.2 : bakur-Butkus. - 1022 p.$avol.3 : Butl-Culo. - 1022 p.$avol.4 : Culp-Fischer, F. - 1022 p.$avol.5 : Fischer, G-Halsa. - 1022 p.$avol.6 : Halsb-Ise. - 1022 p.$avol.7 : Isf-Kros. - 1022 p.$avol.8 : Krot-Mark. - 1022 p.$avol.9 : Marka-National Em. - 1022 p.$avol.10 : National En-Perez, L. - 1022 p.$avol.11 : Perez, M-Rosem. - 1022 p.$avol.12 : Rosen-Silver. - 1022 p.$avol.13 : Silvera-Symposium on Cap. - 854 p.$avol.14 : Symposium on Car-U.S. Congress. House. Committee on Interior. - 854 p.$avol.15 : U.S. Congress. House. Committee on Internal-Weeks, R. - 854 p.$avol.16 : Weeks, S-Z. - 641 p. 676 $a018.1 710 02$aLibrary of Congress$0246487 801 0$aIT$bUniversità della Basilicata - B.I.A.$gRICA$2unimarc 912 $a000004198 996 $aNational Union Catalog$970303 997 $aUNIBAS BAS $aMONLET BAS $aMONOGR BAS $aLETTERE CAT $aGIORDANO$b10$c20000321$lBAS01$h1158 CAT $aGIORDANO$b10$c20000321$lBAS01$h1328 CAT $aGIORDANO$b10$c20000322$lBAS01$h1352 CAT $c20000920$lBAS01$h1832 CAT $c20001010$lBAS01$h1635 CAT $aGIORDANO$b10$c20010705$lBAS01$h1318 CAT $c20050601$lBAS01$h1753 CAT $abatch$b01$c20050718$lBAS01$h1048 CAT $c20050718$lBAS01$h1107 CAT $c20050718$lBAS01$h1137 CAT $c20050718$lBAS01$h1151 CAT $aBATCH$b00$c20070503$lBAS01$h1730 CAT $aBATCH$b00$c20180801$lBAS01$h1239 FMT Z30 -1$lBAS01$LBAS01$mBOOK$1BASA1$APolo Storico-Umanistico$2GEN$BCollezione generale$3SL/83190$9PSU.018.1 NUCH1 1$683190$5L83190$820000321$b1$f98$FConsultazione$h vol.1 : A-Bakun Z30 -1$lBAS01$LBAS01$mBOOK$1BASA1$APolo Storico-Umanistico$2GEN$BCollezione generale$3SL/83191$9PSU.018.1 NUCH2 1$683191$5L83191$820000321$b2$f98$FConsultazione$hvol.2 : bakur-Butkus Z30 -1$lBAS01$LBAS01$mBOOK$1BASA1$APolo Storico-Umanistico$2GEN$BCollezione generale$3SL/83192$9PSU.018.1 NUCH3 1$683192$5L83192$820000321$b3$f98$FConsultazione$hvol.3 : Butl-Culo Z30 -1$lBAS01$LBAS01$mBOOK$1BASA1$APolo Storico-Umanistico$2GEN$BCollezione generale$3SL/83193$9PSU.018.1 NUCH4 1$683193$5L83193$820000321$b4$f98$FConsultazione$hvol.4 : Culp-Fischer, F Z30 -1$lBAS01$LBAS01$mBOOK$1BASA1$APolo Storico-Umanistico$2GEN$BCollezione generale$3SL/83194$9PSU.018.1 NUCH5 1$683194$5L88194$820000321$b5$f98$FConsultazione$hvol.5 : Fischer, G-Halsa Z30 -1$lBAS01$LBAS01$mBOOK$1BASA1$APolo Storico-Umanistico$2GEN$BCollezione generale$3SL/83195$9PSU.018.1 NUCH6 1$683195$5L83195$820000321$b6$f98$FConsultazione$hvol.6 : Halsb-Ise Z30 -1$lBAS01$LBAS01$mBOOK$1BASA1$APolo Storico-Umanistico$2GEN$BCollezione generale$3SL/83196$9PSU.018.1 NUCH7 1$683196$5L83196$820000321$b7$f98$FConsultazione$hvol.7 : Isf-Kros Z30 -1$lBAS01$LBAS01$mBOOK$1BASA1$APolo Storico-Umanistico$2GEN$BCollezione generale$3SL/83197$9PSU.018.1 NUCH8 1$683197$5L83197$820000321$b8$f98$FConsultazione$hvol.8 : Krot-Mark. Z30 -1$lBAS01$LBAS01$mBOOK$1BASA1$APolo Storico-Umanistico$2GEN$BCollezione generale$3SL/83198$9PSU.018.1 NUCH9 1$683198$5L83198$820000321$b9$f98$FConsultazione$hvol.9 : Marka-National Em Z30 -1$lBAS01$LBAS01$mBOOK$1BASA1$APolo Storico-Umanistico$2GEN$BCollezione generale$3SL/83199$9PSU.018.1 NUCH10 1$683199$5L83199$820000321$b10$f98$FConsultazione$hvol.10 : National En-Perez, L Z30 -1$lBAS01$LBAS01$mBOOK$1BASA1$APolo Storico-Umanistico$2GEN$BCollezione generale$3SL/83200$9PSU.018.1 NUCH11 1$683200$5L83200$820000321$b11$f98$FConsultazione$hvol.11 : Perez, M-Rosem Z30 -1$lBAS01$LBAS01$mBOOK$1BASA1$APolo Storico-Umanistico$2GEN$BCollezione generale$3SL/83201$9PSU.018.1 NUCH12 1$683201$5L83201$820000321$b12$f98$FConsultazione$hvol.12 : Rosen-Silver Z30 -1$lBAS01$LBAS01$mBOOK$1BASA1$APolo Storico-Umanistico$2GEN$BCollezione generale$3SL/83202$9PSU.018.1 NUCH13 1$683202$5L83202$820000321$b13$f98$FConsultazione$hvol.13 : Silvera-Symposium on Cap Z30 -1$lBAS01$LBAS01$mBOOK$1BASA1$APolo Storico-Umanistico$2GEN$BCollezione generale$3SL/83203$9PSU.018.1 NUCH14 1$683203$5L83203$820000321$b14$f98$FConsultazione$hvol.14 : Symposium on Car-U.S. Congress. House. Committee on Interior. Z30 -1$lBAS01$LBAS01$mBOOK$1BASA1$APolo Storico-Umanistico$2GEN$BCollezione generale$3SL/83204$9PSU.018.1 NUCH15 1$683204$5L83204$820000321$b15$f98$FConsultazione$hvol.15 : U.S. Congress. House. Committee on Internal-Weeks, R. Z30 -1$lBAS01$LBAS01$mBOOK$1BASA1$APolo Storico-Umanistico$2GEN$BCollezione generale$3SL/83205$9PSU.018.1 NUCH16 1$683205$5L83205$820000321$b16$f98$FConsultazione$hvol.16 : Weeks, S-Z all $aall $n0008355 LEADER 01113nas 2200337-a 450 001 9910144814803321 005 20240413025842.0 035 $a(CKB)991042731869600 035 $a(CONSER)---95641597- 035 $a(EXLCZ)99991042731869600 100 $a19950607b19941998 -b- - 101 0 $afre 181 $ctxt$2rdacontent 200 10$aRapport annuel /$fMinistère de la sécurité du revenu 210 $aQuébec $cLe Ministère$d1994-1997 215 $a1 online resource 311 $aPrint version: Rapport annuel / (DLC)---95641597- (OCoLC)32609564 1204-7694 606 $aLabor policy$zQuébec (Province)$vPeriodicals 606 $aTravail$xPolitique gouvernementale$zQuébec (Province)$vPériodiques 606 $aLabor policy$2fast$3(OCoLC)fst00990116 607 $aQue?bec$2fast 608 $aPeriodicals.$2fast 615 0$aLabor policy 615 6$aTravail$xPolitique gouvernementale 615 7$aLabor policy. 676 $a331.1/09714/05 906 $aJOURNAL 912 $a9910144814803321 920 $aexl_impl conversion 996 $aRapport annuel$9790449 997 $aUNINA